LEADER 01481nam a2200289 u 4500 001 000000008748 003 CaOOAMICUS 005 20070226105128.0 008 940615s1983 gw u000 u ger u 020 $a3525824130 035 $a10224832 040 $aPUL(R)$bita 100 1 $aBringmann, Klaus,$d1936-$0(OLS)http://pul/name/8705 245 10$aHellenistische Reform und Religionsverfolgung in Judäa :$beine Untersuchung zur judisch-hellenistischen Geschichte (175-163 v. Chr.) /$cvon Klaus Bringmann. 260 $aGöttingen :$bVandenhoeck & Ruprecht,$c1983. 300 $a162 p. ;$c24 cm 490 1 $aAbhandlungen der Akademie der Wissenschaften in Göttingen.$aFolge 3, Philologisch-historische Klasse ;$v132 500 $aIndici: p. 153-162. 504 $aBibliografia: p. 149-152. 830 0$aAbhandlungen der Akademie der Wissenschaften in Göttingen.$nFolge 3,$pPhilologisch-historische Klasse ;$v132.$0(OLS)http://pul/title/1071 850 $aPUL 852 $aPUL$W1$xSL Religione 1$y3$m7(1) D 86$j12311$nBK-PRI$b $qStampati$B12311$CPULBib$Z2$F12311 $H $81 941 1 $a8 961 $aINV: 58920 996 $6020$a3525824130$9(OLS)http://pul/number/11261 996 $6245$aHellenistische Reform und Religionsverfolgung in Judäa :$beine Untersuchung zur judisch-hellenistischen Geschichte (175-163 v. Chr.)$9(OLS)http://pul/title/12809 996 $6260$aGöttingen :$bVandenhoeck & Ruprecht$9(OLS)http://pul/publisher/47973 LEADER 01599namaa2200373 i 4500 001 000000177616 003 CaOOAMICUS 005 20250320164615.0 007 tu 008 250320s2024 it 000 u ita r 020 $a978-88-549-5725-1* 040 $aPUL$bita$erda 082 0 $a172.42 100 1 $aFabriziani, Anna Vittoria,$eautore.$0(OLS)http://pul/name/40686 245 10$aLotta per la civiltà e filosofia della pace (1939) :$buna coraggiosa indagine di Maurice Blondel /$cAnna Vittoria Fabriziani. 250 $aPrima edizione 2024. 264 4$c©2024. 264 1$aPadova :$bCLEUP,$c[2024] 300 $a90 pagine ;$c19 cm 336 $atesto$btxt$2rdacontent 337 $asenza mediazione$bn$2rdamedia 338 $avolume$bnc$2rdacarrier 504 $aBibliografia in nota a piè pagina. 600 14$aBlondel, Maurice,$d1861-1949$xPensiero politico e sociale.$0(OLS)http://pul/subject/35214 650 4$aEtica politica.$0(OLS)http://pul/subject/17437 850 $aPUL 852 $aPUL$W1$xSL Filosofia 3$y81$m172. 42 FABAN 1$j201569$qDDC 21$B206591$CPULBib$Z2$F206591 $H137704 $82 941 1 $a9 996 $6020$a978-88-549-5725-1*$9(OLS)http://pul/number/170271 996 $6082$a172.42$9(OLS)http://pul/classification/3266 996 $6245$aLotta per la civiltà e filosofia della pace (1939) :$buna coraggiosa indagine di Maurice Blondel$9(OLS)http://pul/title/219159 996 $6264$aPadova :$bCLEUP$9(OLS)http://pul/publisher/63995 996 $6264$a[S.l.] :$b[s.n.]$9(OLS)http://pul/publisher/0